| 000 | 00652cam a2200205 a 4500 | ||
|---|---|---|---|
| 020 | _a9712201074 | ||
| 040 | _cDLC | ||
| 082 | 0 | 0 | _a633 PAC 1998 A037 Or. |
| 245 | 0 | 0 | _aSustainability of rice in the global food system / |
| 260 |
_aDavis, Calif. : _bPacific Basin Study Center ; _aLos Banos, Philippines : _bInternational Rice Research Institute, _c1998. |
||
| 300 |
_av, 404 p. : _bill. ; _c23 cm. |
||
| 650 | 0 | _aRice. | |
| 650 | 0 | _aRice | |
| 700 | 1 | _aDowling, Noreen G. | |
| 700 | 1 | _aGreenfield, S. M. | |
| 700 | 1 | _aFischer, K. S. | |
| 710 | 2 | _aUniversity of California, Davis. | |
| 710 | 2 | _aInternational Rice Research Institute. | |
| 942 | _cEK | ||
| 999 |
_c11532 _d11532 |
||